000
00292nam a22001097a 4500
082
_a
800
100
_a
N P , Sreejisha
_9
80769
245
_a
Indian Freedom Movement As Reflected in Sanskrit Literature
260
_a
Delhi
_b
New Bharatiya book
_c
2015
650
_a
Literature
_9
80770
942
_c
BK
999
_c
64024
_d
64024